| 000 | 00492 a2200145 4500 | ||
|---|---|---|---|
| 999 |
_c41554 _d41554 |
||
| 003 | OSt | ||
| 005 | 20220926133217.0 | ||
| 008 | 220926b ||||| |||| 00| 0 eng d | ||
| 040 | _coclc | ||
| 082 |
_a637.0954 _bRAN/C |
||
| 245 |
_aThe chemistry & manufacture of Indian dairy products _c/K S Rangappa and K T Acharya |
||
| 260 |
_aBangalore: _bThe Bangalore printing and publishing, _c1948. |
||
| 300 | _a189 pages | ||
| 942 |
_2ddc _cBK _h637.0954 _iRAN/C _k637.0954 _mRAN/C |
||